[Event "GER-ch Youth U12M 2018"]
[Site "Willingen"]
[Date "2018.05.21"]
[Round "3"]
[White "Kort, Felix"]
[Black "Hoffmann, Kay"]
[Result "1-0"]
[WhiteElo "1672"]
[BlackElo "1247"]
[Annotator "NA RC"]
[PlyCount "89"]
[EventDate "2018.05.19"]
[EventType "swiss"]
[EventCountry "GER"]
[SourceTitle "playchess.com"]
[Source "ChessBase"]
[SourceQuality "1"]
[TimeControl "40/4500+30:900+30"]

1. e4 {[%emt 0:00:00]} e5 {[%emt 0:00:07]} 2. Nf3 {[%emt 0:00:00]} Nc6 {[%emt 0:00:05]} 3. d4 {[%emt 0:00:00]} exd4 {[%emt 0:00:13]} 4. Bc4 {[%emt 0:00:00]} Na5 {[%emt 0:01:01]} 5. Bb5 {[%emt 0:25:01]} a6 {[%emt 0:00:15]} 6. Ba4 {[%emt 0:00:13]} b5 {[%emt 0:00:11]} 7. Bb3 {[%emt 0:00:01]} Nxb3 {[%emt 0:00:06]} 8. axb3 {[%emt 0:00:07]} Bb7 {[%emt 0:00:13]} 9. Qxd4 {[%emt 0:03:05]} c5 {[%emt 0:01:04]} 10. Qd3 {[%emt 0:00:30]} d5 {[%emt 0:01:06]} 11. exd5 {[%emt 0:01:01]} Qxd5 {[%emt 0:00:13]} 12. Qe2+ {[%emt 0:01:34]} Qe4 {[%emt 0:00:49]} 13. Be3 {[%emt 0:01:49]} Nf6 {[%emt 0:00:28]} 14. Nc3 {[%emt 0:00:13]} Qe6 {[%emt 0:01:08]} 15. O-O {[%emt 0:06:17]} Bd6 {[%emt 0:01:23]} 16. Rfe1 {[%emt 0:06:39]} O-O {[%emt 0:00:30]} 17. Bg5 {[%emt 0:00:16]} Qxe2 {[%emt 0:00:15]} 18. Rxe2 {[%emt 0:00:18]} Bxf3 {[%emt 0:00:59]} 19. gxf3 {[%emt 0:00:06]} h6 {[%emt 0:01:36]} 20. Bxf6 {[%emt 0:00:54]} gxf6 {[%emt 0:00:14]} 21. Ne4 {[%emt 0:00:02]} Be7 {[%emt 0:00:51]} 22. Ng3 {[%emt 0:00:22]} Kh7 {[%emt 0:01:54]} 23. Rxe7 {[%emt 0:00:04]} Kg7 {[%emt 0:00:30]} 24. Rc7 {[%emt 0:00:19]} Rac8 {[%emt 0:01:05]} 25. Rxc8 {[%emt 0:00:12]} Rxc8 {[%emt 0:00:04]} 26. Rxa6 {[%emt 0:00:04]} Rd8 {[%emt 0:00:05]} 27. Rc6 {[%emt 0:00:07]} Rd1+ {[%emt 0:00:06]} 28. Kg2 {[%emt 0:00:04]} Rb1 {[%emt 0:00:05]} 29. Rxc5 {[%emt 0:00:10]} Rxb2 {[%emt 0:00:04]} 30. Rxb5 {[%emt 0:00:27]} Rxc2 {[%emt 0:00:06]} 31. b4 {[%emt 0:00:18]} Rb2 {[%emt 0:00:04]} 32. Rb8 {[%emt 0:00:10]} Kg6 {[%emt 0:00:08]} 33. b5 {[%emt 0:00:10]} f5 {[%emt 0:00:09]} 34. b6 {[%emt 0:00:14]} Kf6 {[%emt 0:00:05]} 35. b7 {[%emt 0:00:07]} f4 {[%emt 0:00:08]} 36. Ne4+ {[%emt 0:00:13]} Kf5 {[%emt 0:00:06]} 37. Rf8 {[%emt 0:00:05]} Kg6 {[%emt 0:01:37]} 38. b8=Q {[%emt 0:00:12]} Rxb8 {[%emt 0:00:04]} 39. Rxb8 {[%emt 0:00:06]} f5 {[%emt 0:00:08]} 40. Rb6+ {[%emt 0:00:07]} Kh5 {[%emt 0:15:14]} 41. Ng3+ {[%emt 0:15:29]} fxg3 {[%emt 0:00:26]} 42. Kxg3 {[%emt 0:00:10]} Kg5 {[%emt 0:00:19]} 43. h4+ {[%emt 0:00:05]} Kh5 {[%emt 0:00:04]} 44. Kf4 {[%emt 0:00:06]} Kxh4 {[%emt 0:00:05]} 45. Rxh6# 1-0

[Event "GER-ch Youth U12M 2018"]
[Site "Willingen"]
[Date "2018.05.21"]
[Round "3"]
[White "Schwartz, Oliver"]
[Black "Rössel, Gino"]
[Result "*"]
[WhiteElo "1651"]
[BlackElo "1705"]
[Annotator "NA RC"]
[PlyCount "62"]
[EventDate "2018.05.19"]
[EventType "swiss"]
[EventCountry "GER"]
[SourceTitle "playchess.com"]
[Source "ChessBase"]
[SourceQuality "1"]
[TimeControl "40/4500+30:900+30"]

1. e4 {[%emt 0:00:00]} e6 {[%emt 0:00:18]} 2. d4 {[%emt 0:00:00]} d5 {[%emt 0:00:19]} 3. Nc3 {[%emt 0:00:06]} Nf6 {[%emt 0:01:27]} 4. Bg5 {[%emt 0:00:50]} Be7 {[%emt 0:01:03]} 5. e5 {[%emt 0:00:06]} Nfd7 {[%emt 0:00:28]} 6. Bxe7 {[%emt 0:00:04]} Qxe7 {[%emt 0:00:08]} 7. f4 {[%emt 0:00:02]} a6 {[%emt 0:00:47]} 8. Nf3 {[%emt 0:02:30]} b5 {[%emt 0:04:05]} 9. Qd2 {[%emt 0:02:05]} Bb7 10. Bd3 {[%emt 0:00:07]} c5 {[%emt 0:02:31]} 11. dxc5 {[%emt 0:00:30]} Qxc5 {[%emt 0:00:26]} 12. Qf2 {[%emt 0:02:07]} Qxf2+ {[%emt 0:00:26]} 13. Kxf2 {[%emt 0:00:03]} Nc6 {[%emt 0:00:47]} 14. Ne2 {[%emt 0:02:48]} Nc5 {[%emt 0:01:17]} 15. Ned4 {[%emt 0:03:13]} O-O {[%emt 0:05:06]} 16. Nxc6 {[%emt 0:18:40]} Bxc6 {[%emt 0:00:19]} 17. Nd4 {[%emt 0:00:04]} Bd7 {[%emt 0:00:14]} 18. g4 {[%emt 0:10:56]} f6 {[%emt 0:01:00]} 19. Ke3 {[%emt 0:01:27]} Na4 {[%emt 0:06:25]} 20. b3 {[%emt 0:06:04]} Nc5 {[%emt 0:00:23]} 21. Rhf1 {[%emt 0:03:28]} Rac8 {[%emt 0:06:09]} 22. Kd2 {[%emt 0:04:15]} Nb7 {[%emt 0:03:18]} 23. a4 {[%emt 0:08:05]} Nc5 {[%emt 0:00:55]} 24. axb5 {[%emt 0:01:47]} Nxd3 {[%emt 0:00:17]} 25. cxd3 {[%emt 0:00:33]} axb5 {[%emt 0:00:07]} 26. exf6 {[%emt 0:02:48]} gxf6 {[%emt 0:00:24]} 27. Ra7 {[%emt 0:01:15]} Rfd8 {[%emt 0:01:03]} 28. Re1 {[%emt 0:01:34]} Ra8 {[%emt 0:01:01]} 29. Rxa8 {[%emt 0:03:55]} Rxa8 {[%emt 0:00:12]} 30. Kc3 {[%emt 0:08:03]} Kf7 {[%emt 0:00:36]} 31. Kb2 {[%emt 0:00:08]} Ra2+ {[%emt 0:00:21] Re2 [%clk 0:02:39] Ra6 [%clk 0:47:45] h4 [%clk 0:00:50] h6 [%clk 0:47:45] g5 [%clk 0:00:50] hxg5 [%clk 0:47:45] hxg5 [%clk 0:01:17] fxg5 [%clk 0:48:39] fxg5 [%clk 0:01:53] Be8 [%clk 0:48:40]} *

[Event "GER-ch Youth U12M 2018"]
[Site "Willingen"]
[Date "2018.05.21"]
[Round "3"]
[White "Hoke, Adrian Neo"]
[Black "Gerdes, Jannes"]
[Result "*"]
[WhiteElo "1628"]
[BlackElo "1492"]
[Annotator "NA RC"]
[PlyCount "79"]
[EventDate "2018.05.19"]
[EventType "swiss"]
[EventCountry "GER"]
[SourceTitle "playchess.com"]
[Source "ChessBase"]
[SourceQuality "1"]
[TimeControl "40/4500+30:900+30"]

1. e4 {[%emt 0:00:00]} c5 {[%emt 0:00:15]} 2. c3 {[%emt 0:00:00]} Nf6 {[%emt 0:00:20]} 3. e5 {[%emt 0:00:00]} Nd5 {[%emt 0:00:20]} 4. d4 {[%emt 0:00:13]} cxd4 {[%emt 0:00:16]} 5. Nf3 {[%emt 0:00:17]} Nc6 {[%emt 0:00:14]} 6. cxd4 {[%emt 0:00:06]} d6 {[%emt 0:00:12]} 7. Bc4 {[%emt 0:00:17]} dxe5 {[%emt 0:00:22]} 8. dxe5 {[%emt 0:00:30]} Ndb4 {[%emt 0:00:18]} 9. a3 {[%emt 0:05:23]} Qxd1+ {[%emt 0:02:58]} 10. Kxd1 {[%emt 0:00:04]} Na6 {[%emt 0:00:35]} 11. Bxa6 {[%emt 0:00:31]} bxa6 {[%emt 0:00:13]} 12. Be3 {[%emt 0:08:37]} Bg4 {[%emt 0:00:26]} 13. Bf4 {[%emt 0:02:12]} g6 {[%emt 0:04:07]} 14. Nbd2 {[%emt 0:02:27]} Bg7 {[%emt 0:04:24]} 15. Re1 {[%emt 0:00:41]} O-O {[%emt 0:02:03]} 16. h3 {[%emt 0:02:49]} Bxf3+ {[%emt 0:04:06]} 17. Nxf3 {[%emt 0:00:14]} Rfd8+ {[%emt 0:01:07]} 18. Ke2 {[%emt 0:01:02]} Nd4+ {[%emt 0:07:41]} 19. Nxd4 {[%emt 0:00:21]} Rxd4 {[%emt 0:00:10]} 20. Bg3 {[%emt 0:01:21]} Rd5 {[%emt 0:08:06]} 21. Kf1 {[%emt 0:02:31]} Rad8 {[%emt 0:01:07]} 22. Rac1 {[%emt 0:02:56]} e6 {[%emt 0:04:19]} 23. Rc7 {[%emt 0:02:42]} R8d7 {[%emt 0:01:05]} 24. Rec1 {[%emt 0:04:53]} Rxc7 {[%emt 0:13:20]} 25. Rxc7 {[%emt 0:00:18]} Bxe5 {[%emt 0:00:25]} 26. Bxe5 {[%emt 0:00:07]} Rxe5 {[%emt 0:00:03]} 27. Rxa7 {[%emt 0:00:10]} a5 {[%emt 0:00:04]} 28. Rb7 {[%emt 0:07:51]} Kf8 {[%emt 0:01:23]} 29. b4 {[%emt 0:00:54]} axb4 {[%emt 0:00:05]} 30. axb4 {[%emt 0:00:05]} Rd5 {[%emt 0:00:22]} 31. Ke2 {[%emt 0:01:08]} Ke8 {[%emt 0:00:55]} 32. Ke3 {[%emt 0:01:37]} h5 {[%emt 0:01:49]} 33. b5 {[%emt 0:04:35]} Kf8 {[%emt 0:03:31]} 34. b6 {[%emt 0:02:30]} Ke8 {[%emt 0:04:08]} 35. Rc7 {[%emt 0:03:50]} Rd7 {[%emt 0:08:43]} 36. b7 {[%emt 0:00:32]} Rxc7 {[%emt 0:00:18]} 37. b8=Q+ {[%emt 0:00:04]} Kd7 {[%emt 0:00:09]} 38. Kd4 {[%emt 0:00:49]} Rc8 {[%emt 0:01:38]} 39. Qb5+ {[%emt 0:01:03]} Kd8 {[%emt 0:04:11]} 40. Ke5 {[%emt 0:01:13]} *

[Event "GER-ch Youth U12M 2018"]
[Site "Willingen"]
[Date "2018.05.21"]
[Round "3"]
[White "Gluma, Christian"]
[Black "Tovmasyan, Minas"]
[Result "0-1"]
[WhiteElo "1601"]
[BlackElo "1480"]
[Annotator "NA RC"]
[PlyCount "40"]
[EventDate "2018.05.19"]
[EventType "swiss"]
[EventCountry "GER"]
[SourceTitle "playchess.com"]
[Source "ChessBase"]
[SourceQuality "1"]
[TimeControl "40/4500+30:900+30"]

1. d4 {[%emt 0:00:00]} d5 {[%emt 0:00:15]} 2. c4 {[%emt 0:00:00]} e6 {[%emt 0:00:10]} 3. Nc3 {[%emt 0:00:00]} Nf6 {[%emt 0:00:09]} 4. Bg5 {[%emt 0:00:00]} Nbd7 {[%emt 0:00:14]} 5. cxd5 {[%emt 0:00:14]} exd5 {[%emt 0:00:09]} 6. e3 {[%emt 0:00:23]} c6 {[%emt 0:00:09]} 7. Bd3 {[%emt 0:00:15]} Be7 {[%emt 0:00:36]} 8. Qc2 {[%emt 0:00:33]} O-O {[%emt 0:00:51]} 9. Nge2 {[%emt 0:00:15]} Re8 {[%emt 0:00:59]} 10. O-O-O {[%emt 0:01:07]} Nf8 {[%emt 0:02:17]} 11. Kb1 {[%emt 0:01:01]} Bd7 {[%emt 0:04:10]} 12. Rdg1 {[%emt 0:01:45]} b5 {[%emt 0:01:10]} 13. h3 {[%emt 0:02:09]} a5 {[%emt 0:01:34]} 14. g4 {[%emt 0:01:02]} Ne4 {[%emt 0:05:44]} 15. Nxe4 {[%emt 0:02:43]} dxe4 {[%emt 0:00:48]} 16. Bxe4 {[%emt 0:05:10]} Bxg5 {[%emt 0:00:12]} 17. f4 {[%emt 0:00:09]} Bh4 {[%emt 0:01:04]} 18. g5 {[%emt 0:00:51]} Bf2 {[%emt 0:00:09]} 19. Rg2 {[%emt 0:01:01]} Bxe3 {[%emt 0:00:55]} 20. Qd3 {[%emt 0:00:11]} Qe7 {[%emt 0:00:17]} 0-1

[Event "GER-ch Youth U12M 2018"]
[Site "Willingen"]
[Date "2018.05.21"]
[Round "3"]
[White "Sieber, Bert"]
[Black "Hänselmann, Hendrik"]
[Result "1-0"]
[WhiteElo "1453"]
[BlackElo "1692"]
[Annotator "NA RC"]
[PlyCount "109"]
[EventDate "2018.05.19"]
[EventType "swiss"]
[EventCountry "GER"]
[SourceTitle "playchess.com"]
[Source "ChessBase"]
[SourceQuality "1"]
[TimeControl "40/4500+30:900+30"]

1. e4 {[%emt 0:00:00]} c5 {[%emt 0:00:07]} 2. c3 {[%emt 0:00:00]} e6 {[%emt 0:02:20]} 3. d4 {[%emt 0:00:56]} d5 {[%emt 0:01:49]} 4. exd5 {[%emt 0:01:34]} exd5 {[%emt 0:00:32]} 5. Bb5+ {[%emt 0:02:06]} Bd7 {[%emt 0:02:26]} 6. Bxd7+ {[%emt 0:02:06]} Nxd7 {[%emt 0:00:22]} 7. Nf3 {[%emt 0:01:06]} Ngf6 {[%emt 0:00:49]} 8. O-O {[%emt 0:00:50]} Be7 {[%emt 0:01:04]} 9. Be3 {[%emt 0:01:19]} O-O {[%emt 0:03:46]} 10. Nbd2 {[%emt 0:01:10]} Re8 {[%emt 0:02:09]} 11. Re1 {[%emt 0:02:07]} Qb6 {[%emt 0:05:26]} 12. Qc2 {[%emt 0:01:09]} cxd4 {[%emt 0:00:59]} 13. Nxd4 {[%emt 0:00:37]} Ne4 {[%emt 0:13:33]} 14. Rad1 {[%emt 0:05:22]} Nxd2 {[%emt 0:01:28]} 15. Qxd2 {[%emt 0:00:12]} Bc5 {[%emt 0:01:19]} 16. b4 {[%emt 0:05:08]} Bxd4 {[%emt 0:00:39]} 17. Bxd4 {[%emt 0:00:08]} Qg6 {[%emt 0:02:02]} 18. Re3 {[%emt 0:02:32]} Rxe3 {[%emt 0:04:28]} 19. Qxe3 {[%emt 0:00:11]} Nb6 {[%emt 0:02:52]} 20. Re1 {[%emt 0:01:33]} h6 {[%emt 0:01:09]} 21. Qe7 {[%emt 0:02:00]} Qc6 {[%emt 0:02:05]} 22. Qe5 {[%emt 0:01:47]} Qg6 {[%emt 0:01:35]} 23. h3 {[%emt 0:04:33]} Rc8 {[%emt 0:10:24]} 24. Bxb6 {[%emt 0:02:37]} Qxb6 {[%emt 0:00:14]} 25. Qxd5 {[%emt 0:00:15]} Qf6 {[%emt 0:04:34]} 26. Qxb7 {[%emt 0:03:47]} Qxc3 {[%emt 0:00:13]} 27. Re3 {[%emt 0:00:42]} Qc1+ {[%emt 0:01:32]} 28. Kh2 {[%emt 0:00:13]} Rc7 {[%emt 0:00:51]} 29. Re8+ {[%emt 0:00:21]} Kh7 {[%emt 0:00:24]} 30. Qe4+ {[%emt 0:00:20]} g6 {[%emt 0:00:41]} 31. Qe5 {[%emt 0:00:58]} f6 {[%emt 0:01:20]} 32. Qxf6 {[%emt 0:00:30]} Rg7 {[%emt 0:00:44]} 33. Re7 {[%emt 0:01:09]} Rxe7 {[%emt 0:00:21]} 34. Qxe7+ {[%emt 0:00:07]} Kg8 {[%emt 0:00:13]} 35. Qe6+ {[%emt 0:01:30]} Kg7 {[%emt 0:00:48]} 36. Qe5+ {[%emt 0:00:07]} Kg8 {[%emt 0:00:42]} 37. Qd5+ {[%emt 0:00:16]} Kg7 {[%emt 0:00:50]} 38. Qd4+ {[%emt 0:00:46]} Kg8 {[%emt 0:00:26]} 39. Qxa7 {[%emt 0:00:12]} Qf4+ {[%emt 0:00:13]} 40. g3 {[%emt 0:00:06]} Qxb4 {[%emt 0:15:08]} 41. a4 {[%emt 0:15:16]} h5 {[%emt 0:00:27]} 42. h4 {[%emt 0:01:18]} g5 {[%emt 0:00:45]} 43. hxg5 {[%emt 0:00:16]} h4 {[%emt 0:00:16]} 44. Qa8+ {[%emt 0:01:02]} Kg7 {[%emt 0:00:23]} 45. Qf3 {[%emt 0:00:29]} hxg3+ {[%emt 0:01:31]} 46. Kxg3 {[%emt 0:00:26]} Qxa4 {[%emt 0:00:13]} 47. g6 {[%emt 0:00:26]} Kxg6 {[%emt 0:00:36]} 48. Qg4+ {[%emt 0:00:06]} Qxg4+ 49. Kxg4 {[%emt 0:00:07]} Kf6 {[%emt 0:00:44]} 50. Kf4 {[%emt 0:00:05]} Kf7 {[%emt 0:00:21]} 51. Kf5 {[%emt 0:00:05]} Kf8 {[%emt 0:00:07]} 52. Kf6 {[%emt 0:00:05]} Kg8 {[%emt 0:00:29]} 53. f4 {[%emt 0:00:07]} Kh7 {[%emt 0:00:21]} 54. f5 {[%emt 0:00:05]} Kh6 {[%emt 0:00:20]} 55. Ke7 {[%emt 0:00:07]} 1-0

[Event "GER-ch Youth U12M 2018"]
[Site "Willingen"]
[Date "2018.05.21"]
[Round "3"]
[White "Gressler, Christian"]
[Black "Chassard, Cedric"]
[Result "1/2-1/2"]
[WhiteElo "1290"]
[BlackElo "1590"]
[Annotator "NA RC"]
[PlyCount "42"]
[EventDate "2018.05.19"]
[EventType "swiss"]
[EventCountry "GER"]
[SourceTitle "playchess.com"]
[Source "ChessBase"]
[SourceQuality "1"]
[TimeControl "40/4500+30:900+30"]

1. e4 {[%emt 0:00:00]} e6 {[%emt 0:00:06]} 2. d3 {[%emt 0:00:00]} d5 {[%emt 0:00:25]} 3. Nd2 {[%emt 0:00:00]} Nf6 {[%emt 0:03:54]} 4. Ngf3 {[%emt 0:00:25]} Be7 {[%emt 0:01:00]} 5. g3 {[%emt 0:00:09]} O-O {[%emt 0:02:05]} 6. Bg2 {[%emt 0:00:32]} c5 {[%emt 0:00:47]} 7. O-O {[%emt 0:00:11]} Nc6 {[%emt 0:00:25]} 8. e5 {[%emt 0:01:04]} Nd7 {[%emt 0:00:16]} 9. Re1 {[%emt 0:00:13]} Qc7 {[%emt 0:01:02]} 10. Qe2 {[%emt 0:00:09]} a5 {[%emt 0:09:48]} 11. Nf1 {[%emt 0:02:13]} b5 {[%emt 0:04:47]} 12. Bf4 {[%emt 0:00:49]} Ba6 {[%emt 0:03:11]} 13. h4 {[%emt 0:06:34]} c4 {[%emt 0:04:04]} 14. a3 {[%emt 0:10:30]} b4 {[%emt 0:06:24]} 15. Bg5 {[%emt 0:19:50]} Bxg5 {[%emt 0:04:27]} 16. hxg5 {[%emt 0:00:13]} b3 {[%emt 0:03:52]} 17. cxb3 {[%emt 0:03:33]} cxd3 {[%emt 0:00:08]} 18. Qe3 {[%emt 0:00:43]} Qb6 {[%emt 0:04:07]} 19. Qxb6 {[%emt 0:07:29]} Nxb6 {[%emt 0:00:02]} 20. Rac1 {[%emt 0:00:08]} Rfc8 {[%emt 0:00:38]} 21. N1d2 {[%emt 0:01:42]} Nd7 {[%emt 0:04:28] exd6} 1/2-1/2

[Event "GER-ch Youth U12M 2018"]
[Site "Willingen"]
[Date "2018.05.21"]
[Round "4"]
[White "Wagner, Leopold Franziskus"]
[Black "Hommer, Jeremy"]
[Result "1/2-1/2"]
[WhiteElo "2234"]
[BlackElo "1897"]
[Annotator "TA"]
[PlyCount "78"]
[EventDate "2018.05.19"]
[EventType "swiss"]
[EventCountry "GER"]
[SourceTitle "playchess.com"]
[Source "ChessBase"]
[SourceQuality "1"]

{[%evp 15,78,39,39,16,0,1,21,19,37,19,37,39,48,55,68,31,72,64,78,67,70,32,36,35,35,39,41,0,0,0,18,0,0,-74,-70,-67,-33,-27,-24,-80,-74,-69,0,0,0,0,10,0,0,0,106,106,88,90,92,0,0,0,0,0,56,0,0,0,0]} 1. Nf3 e6 2. g3 b6 3. Bg2 Bb7 4. O-O f5 5. c4 Nf6 6. b3 Be7 7. Bb2 O-O 8. d4 Qe8 {LiveBook: 5 Games} 9. Ne5 $146 {A84: Dutch Defence: 2 c4 Miscellaneous} ({Predecessor:} 9. Nbd2 Bb4 10. a3 Bxd2 11. Qxd2 Be4 12. Rac1 d6 13. c5 Nc6 14. b4 b5 15. cxd6 cxd6 16. Ng5 Bxg2 17. Kxg2 {1-0 (27) Gunina,V (2520)-Hou,Y (2653) Hancheng 2016}) 9... Bxg2 10. Kxg2 d6 11. Nd3 Bd8 12. Nd2 Ne4 13. f3 Nxd2 14. Qxd2 Nd7 15. e4 Qf7 16. exf5 exf5 17. d5 a5 18. Bd4 Bf6 19. Bxf6 Qxf6 20. Rae1 Rae8 21. a3 Qd4 22. Qc2 g5 23. Rd1 Qf6 24. Nc1 (24. Rfe1 $11 {remains equal.}) 24... Re3 $17 25. Ne2 Rfe8 26. Nd4 a4 27. b4 (27. bxa4 $11 f4 28. gxf4) 27... Rxa3 28. Rf2 Rae3 (28... h5 $15) 29. Qxa4 $11 Nf8 30. Qc2 R8e5 31. Qa4 Re7 32. Qa8 Re1 (32... f4 $11) 33. Rxe1 $16 Rxe1 {[#]} 34. Ne6 $1 $36 {[%mdl 2048] White has strong initiative.} Rb1 35. Re2 ({White should play} 35. Nxc7 $16 f4 36. g4) 35... Rb2 $1 $11 {[%cal Rb2e2]} 36. Rxb2 Qxb2+ 37. Kh3 {[%csl Ge6][%cal Ra8f8]} Qf6 (37... g4+ $11 38. fxg4 fxg4+ 39. Kxg4 Qe2+ 40. Kh3 Qh5+ 41. Kg2 Qe2+ 42. Kh3 Qh5+ 43. Kg2 Qe2+ 44. Kg1 Qe1+ 45. Kg2 Qe2+) 38. Qxf8+ (38. Qd8 $14 Qxd8 39. Nxd8) 38... Qxf8 39. Nxf8 Kxf8 {Precision: White = 39%, Black = 56%.} 1/2-1/2

[Event "GER-ch Youth U12M 2018"]
[Site "Willingen"]
[Date "2018.05.21"]
[Round "4"]
[White "Laux, Dominik"]
[Black "May, Ben-Iven"]
[Result "1-0"]
[WhiteElo "1889"]
[BlackElo "1769"]
[Annotator "NA"]
[PlyCount "47"]
[EventDate "2018.05.19"]
[EventType "swiss"]
[EventCountry "GER"]
[SourceTitle "playchess.com"]
[Source "ChessBase"]
[SourceQuality "1"]
[TimeControl "40/4500+30:900+30"]

1. d4 {[%emt 0:00:00]} d5 {[%emt 0:00:20]} 2. Bf4 {[%emt 0:00:19]} Nf6 {[%emt 0:00:29]} 3. e3 {[%emt 0:00:20]} e6 {[%emt 0:00:07]} 4. c3 {[%emt 0:00:46]} Be7 {[%emt 0:00:32]} 5. Nd2 {[%emt 0:00:18]} O-O {[%emt 0:00:43]} 6. Bd3 {[%emt 0:00:15]} c5 {[%emt 0:01:03]} 7. Ngf3 {[%emt 0:00:33]} Nc6 {[%emt 0:00:41]} 8. Ne5 {[%emt 0:01:26]} Nxe5 {[%emt 0:01:24]} 9. dxe5 {[%emt 0:01:22]} Nd7 {[%emt 0:00:43]} 10. h4 {[%emt 0:00:57]} Re8 {[%emt 0:01:18]} 11. Qh5 {[%emt 0:07:24]} g6 {[%emt 0:05:10]} 12. Qg4 {[%emt 0:01:53]} h5 {[%emt 0:04:51]} 13. Qg3 {[%emt 0:03:07]} Kg7 {[%emt 0:02:17]} 14. Nf3 {[%emt 0:02:43]} a6 {[%emt 0:11:07]} 15. Ng5 {[%emt 0:03:46]} Nf8 {[%emt 0:02:52]} 16. Nxf7 {[%emt 0:10:28]} Kxf7 {[%emt 0:03:41]} 17. Bh6 {[%emt 0:00:20]} g5 {[%emt 0:00:30]} 18. Qf3+ {[%emt 0:04:37]} Kg8 {[%emt 0:00:46]} 19. Qxh5 {[%emt 0:00:17]} d4 {[%emt 0:01:03]} 20. Bxf8 {[%emt 0:01:58]} Kxf8 {[%emt 0:00:22]} 21. Qh8+ {[%emt 0:00:23]} Kf7 {[%emt 0:00:26]} 22. Qh7+ {[%emt 0:00:02]} Kf8 {[%emt 0:00:14]} 23. Bg6 {[%emt 0:00:07]} dxe3 {[%emt 0:00:41]} 24. Qf7# 1-0

[Event "GER-ch Youth U12M 2018"]
[Site "Willingen"]
[Date "2018.05.21"]
[Round "4"]
[White "Tham, Nam"]
[Black "Bui, Bao Anh Le"]
[Result "1-0"]
[WhiteElo "1866"]
[BlackElo "1974"]
[Annotator "NA"]
[PlyCount "89"]
[EventDate "2018.05.19"]
[EventType "swiss"]
[EventCountry "GER"]
[SourceTitle "playchess.com"]
[Source "ChessBase"]
[SourceQuality "1"]
[TimeControl "40/4500+30:900+30"]

1. e4 {[%emt 0:00:00]} c5 {[%emt 0:00:20]} 2. Nf3 {[%emt 0:00:00]} d6 {[%emt 0:00:09]} 3. d4 {[%emt 0:00:00]} cxd4 {[%emt 0:00:03]} 4. Nxd4 {[%emt 0:00:00]} Nf6 {[%emt 0:00:05]} 5. Nc3 {[%emt 0:00:00]} a6 {[%emt 0:00:54]} 6. Be3 {[%emt 0:00:12]} e5 {[%emt 0:00:06]} 7. Nb3 {[%emt 0:00:06]} Be6 {[%emt 0:00:15]} 8. Be2 {[%emt 0:00:08]} Be7 {[%emt 0:00:36]} 9. O-O {[%emt 0:00:14]} O-O {[%emt 0:01:13]} 10. h3 {[%emt 0:01:39] B92: Sizilianisch (Najdorf-Variante mit 6.Le2)} (10. a4 Nbd7 11. Qd2 Rc8 12. a5 Re8 13. Bf3 h6 14. Nc1 Nh7 15. g3 Bg5 16. Nd3 Nb8 17. Bxg5 Qxg5 18. Qxg5 hxg5 19. Rfd1 Nc6 20. Ne2 g4 {0-1 (39) Zherebukh,Y (2633)-Xiong,J (2640) Saint Louis 2018}) 10... Nbd7 {[%emt 0:00:29]} 11. Qd2 {[%emt 0:00:14]} b5 {[%emt 0:04:34]} 12. Rad1 {[%emt 0:00:34]} Nb6 {[%emt 0:05:49]} 13. a3 {[%emt 0:02:12]} Qc7 $146 {[%emt 0:04:49]} ({Vorgänger:} 13... Nc4 14. Qc1 Nxe3 15. Qxe3 Qc7 16. Nd2 Rac8 {0-1 (29) Jimenez Gil,R (1795)-Esmeraldas Huachi,A Cali 2015}) 14. Rfe1 {[%emt 0:02:31]} Rab8 {[%emt 0:01:57]} 15. Bd3 {[%emt 0:01:10]} Nc4 {[%emt 0:01:08]} 16. Qc1 {[%emt 0:02:00]} Nxa3 {[%emt 0:05:48]} 17. bxa3 {[%emt 0:04:27]} Qxc3 {[%emt 0:00:27]} 18. Bd2 {[%emt 0:00:03]} Qc7 {[%emt 0:01:40]} 19. Qb2 {[%emt 0:00:25]} Nd7 {[%emt 0:02:18]} 20. Ra1 {[%emt 0:04:43]} Nc5 {[%emt 0:04:21]} 21. Nxc5 {[%emt 0:00:23]} dxc5 {[%emt 0:00:17]} 22. Bc3 {[%emt 0:00:40]} f6 {[%emt 0:00:52]} 23. Rab1 {[%emt 0:00:58]} Rfd8 {[%emt 0:01:32]} 24. Kh1 {[%emt 0:02:52]} c4 {[%emt 0:13:09]} 25. Be2 {[%emt 0:03:23]} a5 {[%emt 0:03:09]} 26. Red1 {[%emt 0:00:04]} b4 {[%emt 0:08:09]} 27. axb4 {[%emt 0:00:51]} axb4 {[%emt 0:00:13]} 28. Rxd8+ {[%emt 0:00:10]} Qxd8 {[%emt 0:00:45]} 29. Be1 {[%emt 0:00:06]} Bc5 {[%emt 0:09:17]} 30. Kg1 {[%emt 0:07:30]} Qb6 {[%emt 0:03:15]} 31. Qa2 {[%emt 0:02:30]} Qb5 {[%emt 0:04:28]} 32. Bf1 {[%emt 0:03:23]} Kf8 {[%emt 0:01:30]} 33. Bc3 {[%emt 0:04:32]} Qc6 {[%emt 0:01:26]} 34. Be1 {[%emt 0:02:38]} Ra8 {[%emt 0:02:58]} 35. Qb2 {[%emt 0:00:32]} c3 {[%emt 0:00:10]} 36. Qc1 {[%emt 0:00:01]} Qxe4 {[%emt 0:02:35]} 37. Bd3 {[%emt 0:00:05]} Qh4 {[%emt 0:01:12]} 38. Ra1 {[%emt 0:00:56]} Rd8 {[%emt 0:01:24]} 39. Ra5 {[%emt 0:01:09]} Qd4 {[%emt 0:00:50]} 40. Bxh7 {[%emt 0:02:16]} Bc4 {[%emt 0:15:26]} 41. Qa1 {[%emt 0:18:37]} Ke7 {[%emt 0:00:00]} 42. Qa4 $19 {[%emt 0:00:00]} Qd6 {[%emt 0:00:00]} 43. Bxc3 {[%emt 0:00:00]} Qb6 {[%emt 0:00:00]} 44. Rxc5 {[%emt 0:00:00]} Rd1+ {[%emt 0:02:08]} 45. Kh2 {[%emt 0:00:00]} 1-0